|
|
|
|
| LEADER |
00979nas a2200229 i 4500 |
| 003 |
GR-PaULI |
| 005 |
20210422222749.0 |
| 008 |
201111s2007 it ar||g b||| 00| 00eng d |
| 952 |
|
|
|0 0
|1 0
|2 ddc
|4 0
|6 709_021000000000000_4
|7 0
|9 324039
|a LISP
|b LISP
|c SER
|d 2021-03-11
|l 0
|o 709.021 4
|r 2021-03-11 00:00:00
|w 2021-03-11
|y JNL
|
| 999 |
|
|
|c 147954
|d 147954
|
| 022 |
|
|
|a 19702345
|
| 040 |
|
|
|a GR-PaULI
|b gre
|c GR-PaULI
|d GR-AiPI
|e AACR2
|
| 082 |
0 |
4 |
|2 23
|a 709.021 4
|
| 245 |
1 |
0 |
|a Νέα Ρώμη :
|b brivista di ricerche bizantinistiche : αμπελοκήπιον : studi di amici e colleghi in onore di Vera von Falkenhausen.
|
| 260 |
|
|
|a Roma :
|b Universita degli Studi di Roma «Tor Vergata»,
|c 2007.
|
| 300 |
|
|
|a 4 τ. :
|b εικ. ;
|c 24 εκ.
|
| 310 |
|
|
|a Eτήσια
|
| 362 |
|
|
|a τ. 4 (2007)
|
| 504 |
|
|
|a Περιλαμβάνει βιβλιογραφικές παραπομπές.
|
| 650 |
|
4 |
|9 1212
|a Τέχνη, Βυζαντινή
|
| 942 |
|
|
|2 ddc
|c BK15
|
| 998 |
|
|
|c ΚΟΚΟΤΟΥ
|d 2020-11
|